000 00380nam a2200121 i 4500
001 bg
245 0 _aSystem - modelowanie - sterowanie :
_bmateriły I Ogólnopolskiego Sympozjum w Zakopanem (25.05-06.1973 r.) /
_cPolskie Towarzystwo Cybernetyczne w Łodzi.
260 _aŁódź,
_c1973.
040 _cBPK
041 _apol
942 _cKS
008 s pl f |000 0 pol
999 _c350
_d350
856 _uhttp://koha.tu.koszalin.pl/cgi-bin/koha/opac-detail.pl?biblionumber=350
_yKatalog online BPK